Transnational corporations: material relevant to the formulation of a code of conduct: report of the Secretariat / United Nations, Economic and Social Council, Commission on Transnational Corporations, Intergovernmental Working Group of the Whole on the Code of Conduct, first session (Record no. 38743)

MARC details
000 -LEADER
fixed length control field 00680nam a2200169Ia 4500
022 ## - INTERNATIONAL STANDARD SERIAL NUMBER
ISSN 10149562
050 ## - CALL MARK
Classification number JX 1977 .A2/
245 #0 - TITLE STATEMENT
Title Transnational corporations: material relevant to the formulation of a code of conduct: report of the Secretariat / United Nations, Economic and Social Council, Commission on Transnational Corporations, Intergovernmental Working Group of the Whole on the Code of Conduct, first session
260 ## - PUBLICATION, DISTRIBUTION, ETC. (IMPRINT)
Place of publication NY
260 ## - PUBLICATION, DISTRIBUTION, ETC. (IMPRINT)
Name of publisher UNCTAD
260 ## - PUBLICATION, DISTRIBUTION, ETC. (IMPRINT)
Year of publication 2009
300 ## - PHYSICAL DESCRIPTION
Number of Pages v, 123 p. ; 23 cm.
650 ## - SUBJECT ADDED ENTRY--TOPICAL TERM
Topical Term International business enterprises. Business ethics.
942 ## - ADDED ENTRY ELEMENTS (KOHA)
Koha item type Serials

No items available.